<?xml version="1.0" encoding="UTF-8"?>
<record
    xmlns:xsi="http://www.w3.org/2001/XMLSchema-instance"
    xsi:schemaLocation="http://www.loc.gov/MARC21/slim http://www.loc.gov/standards/marcxml/schema/MARC21slim.xsd"
    xmlns="http://www.loc.gov/MARC21/slim">

  <leader>02520cab a2200325Ia 45 0</leader>
  <controlfield tag="001">u197758</controlfield>
  <controlfield tag="003">SIRSI</controlfield>
  <controlfield tag="008">120103s2005    ua     ss b         eng d</controlfield>
  <datafield tag="040" ind1=" " ind2=" ">
    <subfield code="a">EAL</subfield>
  </datafield>
  <datafield tag="041" ind1=" " ind2=" ">
    <subfield code="a">eng</subfield>
    <subfield code="b">ara</subfield>
  </datafield>
  <datafield tag="090" ind1=" " ind2=" ">
    <subfield code="a">ART AJARX V50 No3 14</subfield>
  </datafield>
  <datafield tag="100" ind1="1" ind2=" ">
    <subfield code="a">M. A. Gabr</subfield>
  </datafield>
  <datafield tag="240" ind1="1" ind2="0">
    <subfield code="a">Alexandria journal of agricultural research, 2005 v. 50 (3)</subfield>
    <subfield code="h">[electronic resource].</subfield>
  </datafield>
  <datafield tag="245" ind1="1" ind2="0">
    <subfield code="a">Effect of Microbial Biofertilization on Reducing Chemical Fertilizers, Vegetative Growth, Nutritional Status, Yield and Fruit Quality of Apple</subfield>
    <subfield code="h">[electronic resource].</subfield>
  </datafield>
  <datafield tag="246" ind1="1" ind2="5">
    <subfield code="a">&#x62A;&#x623;&#x62B;&#x64A;&#x631; &#x628;&#x639;&#x636; &#x627;&#x644;&#x645;&#x62E;&#x635;&#x628;&#x627;&#x62A; &#x627;&#x644;&#x645;&#x64A;&#x643;&#x631;&#x648;&#x628;&#x64A;&#x629; &#x639;&#x644;&#x649; &#x62E;&#x641;&#x636; &#x627;&#x633;&#x62A;&#x62E;&#x62F;&#x627;&#x645; &#x627;&#x644;&#x627;&#x633;&#x645;&#x62F;&#x629; &#x627;&#x644;&#x645;&#x639;&#x62F;&#x646;&#x64A;&#x629; &#x648;&#x627;&#x644;&#x646;&#x645;&#x648; &#x627;&#x644;&#x62E;&#x636;&#x631;&#x649; &#x648;&#x627;&#x644;&#x62D;&#x627;&#x644;&#x629; &#x627;&#x644;&#x63A;&#x630;&#x627;&#x626;&#x64A;&#x629; &#x648;&#x627;&#x644;&#x645;&#x62D;&#x635;&#x648;&#x644; &#x648;&#x62C;&#x648;&#x62F;&#x629; &#x62B;&#x645;&#x627;&#x631; &#x627;&#x644;&#x62A;&#x641;&#x627;&#x62D;.</subfield>
  </datafield>
  <datafield tag="300" ind1=" " ind2=" ">
    <subfield code="a">P. 121-129.</subfield>
  </datafield>
  <datafield tag="504" ind1=" " ind2=" ">
    <subfield code="a">Includes references.</subfield>
  </datafield>
  <datafield tag="520" ind1=" " ind2=" ">
    <subfield code="a">Microbial inoculum contained main organisms (beat-based): Azotobacter spp. and Bacillus megatherium which found in &#x2018;Biogein&#x2019;, &#x2018;Rhizobacterein&#x2019;, &#x2018;Phosphorein&#x2019; and arbuscular mycorrhizal (AM) fungi were used to reduce the recommended dose of nitrogenous and phosphoric fertilizers of "Anna" apple trees. The treated trees were seven years old budded on MM. 106 rootstock grown on sandy soil at Elbostan district under drip fertigation system during two successive seasons (2003 and 2004) to investigate the influence of the microbial biofertilization on tree growth, yield and fruit quality. The treatments were 100% of recommended mineral fertilizers dose/tree without microbial biofertilization (control) and 100% (F1), 50%(F2) , 25% (F3) of recommended mineral fertilizers dose plus microbial fertilizers. shoot length, leaf area and leaf dry weight of treated trees with microbial biofertilization were significantly increased. while, specific leaf weight (SLW) was not statistically affected with any treatment. also, chlorophyll a, chlorophyll b and total chlorophyll content of the leaf recorded significant increases compared with uninoculated control trees.</subfield>
  </datafield>
  <datafield tag="546" ind1=" " ind2=" ">
    <subfield code="a">Summary in Arabic.</subfield>
  </datafield>
  <datafield tag="650" ind1=" " ind2="0">
    <subfield code="a">Apples</subfield>
    <subfield code="x">Quality.</subfield>
  </datafield>
  <datafield tag="650" ind1=" " ind2="0">
    <subfield code="a">Apples</subfield>
    <subfield code="x">Fertilizers.</subfield>
  </datafield>
  <datafield tag="650" ind1=" " ind2="0">
    <subfield code="a">Biofertilizers.</subfield>
  </datafield>
  <datafield tag="650" ind1=" " ind2="0">
    <subfield code="a">Apples</subfield>
    <subfield code="x">Yields.</subfield>
  </datafield>
  <datafield tag="650" ind1=" " ind2="0">
    <subfield code="a">Chemical fertilizers</subfield>
  </datafield>
  <datafield tag="650" ind1=" " ind2="0">
    <subfield code="a">Mineral fertilizers.</subfield>
  </datafield>
  <datafield tag="700" ind1="1" ind2=" ">
    <subfield code="a">El-Dein, M. Nour.</subfield>
  </datafield>
  <datafield tag="773" ind1="0" ind2=" ">
    <subfield code="t">Alexandria Journal of Agricultural Research. </subfield>
    <subfield code="g">2005.v.50(3)</subfield>
    <subfield code="x">0044-250</subfield>
    <subfield code="7">nnas</subfield>
    <subfield code="w">u158486</subfield>
  </datafield>
  <datafield tag="856" ind1="4" ind2="0">
    <subfield code="u">http://nile.enal.sci.eg/EALE/2005/AJARX/5005/3/121.pdf</subfield>
    <subfield code="z">Full text Article.</subfield>
  </datafield>
  <datafield tag="596" ind1=" " ind2=" ">
    <subfield code="a">1</subfield>
  </datafield>
  <datafield tag="942" ind1=" " ind2=" ">
    <subfield code="c">AR</subfield>
    <subfield code="2">lcc</subfield>
  </datafield>
  <datafield tag="999" ind1=" " ind2=" ">
    <subfield code="c">50694</subfield>
    <subfield code="d">50694</subfield>
  </datafield>
</record>
